BTS - Une lettre, une chanson - Statistiques

Statistiques générales
  • Ce quiz a été pris 267 fois
    170 depuis la dernière actualisation
  • Le résultat moyen est 17 sur 23
Statistiques - réponses
Lettres Chansons % Correct
B Begin / Best of Me / Billboard Music Awards Speech / Black Swan / Blood Sweat & Tears / Blue & Grey / Body to Body / Born Singer / Boy in Luv / Boy Meets Evil / Boy with Luv / Boyz with Fun / BTS Cypher 4 / BTS Cypher Pt.1 / Butter / Butterfly
98%
D Danger / Diet Piper / dimple / Dionysus / Dis-ease / DNA / Don't Leave Me / Dope / Do You Think It Makes Sense? / Dream Glow / Dynamite
95%
M Ma City / Magic Shop / Make It Right / MAMA / Merry Go Round / MIC Drop / Mikrokosmos / Miss Right / Moon / The Most Beautiful Moment in Life / Moving On / My Time
94%
S Save Me / Seesaw / Serendipity / Shadow / Silver Spoon / Singularity / Skit / Skull Luv Affair / So 4 more / Soulmate / So What / Spine Breaker / Spring / Spring Day / The Stars / Stay / Stay Gold / Stigma / Swim
92%
N Never Mind / N.O / No. 29 / N.O / No More Dream / Normal / Not Today
91%
L Let Go / Let Me Know / Lie / Life Goes On / Lights / Like / Like Animals / line! / Look Here / Lost / Louder than bombs / Love / Love is Not Over / Love Maze / Love Myself / Luv in Skull
88%
F FAKE LOVE / Film Out / Filter / First Love / Fly To My Moon / For You / Funtan Syounendan / Fya
87%
H Her / Hip Hop Phile / Hold Me Tight / Home / Hooligan / Hormone Sensou / House of Cards
87%
A A Brand New Day / Airplane / Aliens / All Night / Am I Wrong / Anpanman / Attack on Bangtan / Autumn Leaves / Awake
85%
O O!RUL8,2? / ON / One More Night / One Night in a Strange City / Outro.
84%
I Idol / If I Ruled The World / I'm Fine / I Need U / Inner Child / Interlude / Into the Sun / Intro.
82%
R Rain / Reflection / Respect / Ringwanderung / R U Happy Now? / Run
78%
W Wake Up / War of Hormone / We Are Bulletproof / We On / Whalien 52 / What Am I to You / What Are You Doing Now? / Where You From / Wings / Wishing On a Star
72%
Y A Supplementary Story: You Never Walk Alone / Yet to Come / You Never Walk Alone / Young Forever / Your eyes tell / Youth
71%
E Ego / Embarrassed / Epiphany / Euphoria / Expectation!
71%
J Jamais Vu / The Journey / Jump / Just Dance / Just One Day
71%
P Paldogangsan / 낙원 (Paradise) / Pelouse / The Planet / Please / Propose / Permission to Dance / Persona / Propose
71%
T Take Two / Tear / Telepathy / Tomorrow / Triptych / The Truth Untold / They Don't Know 'Bout Us
71%
G Go Go / Good Day
69%
Chiffres 00:00 (Zero O'Clock) / 134340 / 2.0 / 2! 3! / 21st Century Girl / 24/7 = Heaven / 2 Cool 4 Skool
68%
C Calling / Circle Room Cypher / Circle Room Talk / Coffee / Come Back Home / Converse High / Could You Turn off Your Cell Phone / Crack / Crystal Snow
53%
U UGH!
38%
K Killer
14%
Aucun quiz correspondant
Distribution des résultats
% des personnes avec chaque résultat
Percentile par nombre de réponses
Votre historique - résultats
Vous n’avez pas pris ce quiz depuis la dernière actualisation